Music Quiz

Random Music or Artist Quiz
Score 0/8 Timer 01:00
0 Plays Today
Clues Artists % Correct
$100-50 cent=50 cent
83.9%
Name starts with king and rhymes with neonKings of Leon
67.9%
A hat costs $10.50 and you pay with $10.55, what is your refund?Nickelback
55.4%
Something you get around your eye after a fight and a vegetableBlack Eyed Peas
50%
5 guys walking a certain way1D
37.5%
Alex from Wizards of Waverly PlaceSelena Gomez
35.7%
How many chainz does he wear?2 Chainz
35.7%
Sounds like a beaverJustin Bieber
21.4%

You're not logged in!

Compare scores with friends on all Sporcle quizzes.
OR
Log In

Sporcle TV

Today on Sporcle TV


Watch our educational content, quiz creation guides, and fun videos on Sporcle TV.

Show Comments

Extras

Created Jan 23, 2013ReportNominate
Tags:Artist Quiz, Musician

Top Quizzes Today


Score Distribution

Paid Content

Your Account Isn't Verified!

In order to create a playlist on Sporcle, you need to verify the email address you used during registration. Go to your Sporcle Settings to finish the process.

Report this User

Report this user for behavior that violates our Community Guidelines.

Details: